[Event "British Columbia op"]
[Site "Richmond CAN"]
[Date "2014.02.09"]
[Round "4.3"]
[White "Arzumanyan, Aram"]
[Black "Shao, Nathan"]
[Result "1-0"]
[WhiteElo "1923"]
[BlackElo "1687"]
[PlyCount "109"]
[EventDate "2014.02.08"]
[EventType "swiss"]
[EventRounds "6"]
[EventCountry "CAN"]

1. e4 c5 2. Nc3 d6 3. Bc4 Nf6 4. d3 g6 5. Nge2 Bg7 6. O-O O-O 7. h3 Nc6 8. f4
a6 9. a4 Ne8 10. f5 e6 11. Ng3 Nd4 12. fxg6 hxg6 13. Be3 Nc7 14. Bxd4 Bxd4+ 15.
Kh1 d5 16. Bb3 b6 17. Qg4 Kh7 18. Nge2 Bg7 19. Rae1 d4 20. Nb1 e5 21. Qf3 Be6
22. Nd2 b5 23. Ng3 Bh6 24. Rf2 Bf4 25. Bxe6 Nxe6 26. axb5 axb5 27. Ngf1 Ra2 28.
g3 Bh6 29. Rb1 Qc7 30. h4 Ng7 31. Nh2 Nh5 32. g4 Nf4 33. g5 Bg7 34. Ng4 Ra6 35.
Nf1 Qe7 36. Ng3 Re6 37. Rh2 Rh8 38. Nf5 Qc7 39. Ng3 Qe7 40. Rf1 Kg8 41. Nf5 Qc7
42. Nxg7 Kxg7 43. Nxe5 Qxe5 44. Qxf4 Qxf4 45. Rxf4 Rhe8 46. Rhf2 R8e7 47. Kg2
c4 48. Kg3 Re5 49. Rf6 R5e6 50. Kg4 Re5 51. Rd6 c3 52. bxc3 dxc3 53. Rc6 b4 54.
Rb6 f5+ 55. gxf6+ 1-0

[Event "British Columbia op"]
[Site "Richmond CAN"]
[Date "2014.02.09"]
[Round "4.4"]
[White "Wu, Ruining (Ray)"]
[Black "Chan, James"]
[Result "1-0"]
[WhiteElo "2037"]
[BlackElo "2119"]
[PlyCount "195"]
[EventDate "2014.02.08"]
[EventType "swiss"]
[EventRounds "6"]
[EventCountry "CAN"]

1. d4 d5 2. c4 c6 3. Nf3 Nf6 4. e3 a6 5. Bd3 g6 6. O-O Bg7 7. h3 O-O 8. Nbd2 e6
9. Qc2 Nbd7 10. b3 Re8 11. Bb2 Qc7 12. a3 b6 13. Rac1 Bb7 14. b4 Rac8 15. c5 b5
16. a4 Nh5 17. e4 Nf4 18. Rfe1 Nxd3 19. Qxd3 f5 20. e5 h6 21. axb5 axb5 22. Ra1
Ra8 23. Rxa8 Rxa8 24. Ra1 Qb8 25. Nb3 Rxa1+ 26. Bxa1 Qa8 27. Na5 Bc8 28. Bc3
Nf8 29. Bd2 Bd7 30. Qb3 Be8 31. h4 Qa7 32. g3 Kh7 33. Kg2 Kg8 34. Ng1 Qe7 35.
Qe3 Kh7 36. Nh3 Kg8 37. Bc1 Kh7 38. Qa3 Qa7 39. Ng1 Kg8 40. Ne2 Nh7 41. Nb3
Qxa3 42. Bxa3 Kf7 43. Na5 Ke7 44. Bc1 Kd7 45. Ng1 Ke7 46. Bd2 Kd7 47. Ne2 Kc7
48. Nf4 Bf7 49. Nb3 Kd7 50. f3 Nf8 51. Na5 Kc7 52. Nb3 Kd7 53. Ne2 Kc7 54. Kh3
Kd7 55. Be3 Kc7 56. Bf4 Kd7 57. Na5 Kc7 58. g4 Nh7 59. gxf5 gxf5 60. Ng3 Be8
61. Nb3 Kd7 62. Bd2 Nf8 63. Nc1 Ke7 64. Nd3 Kf7 65. Nh5 Ng6 66. Nxg7 Kxg7 67.
Nc1 Ne7 68. Nd3 Ng6 69. h5 Ne7 70. Nf4 Bf7 71. Be1 Ng8 72. Bh4 Kf8 73. Bd8 Ke8
74. Bc7 Kd7 75. Bd6 Ne7 76. Kh4 Ke8 77. Nd3 Kd7 78. Nc1 Be8 79. Nb3 Ng8 80. Bf8
Kc7 81. Na5 Kc8 82. Nb3 Kd7 83. Nc1 Kd8 84. Nd3 Bf7 85. Nf4 Ke8 86. Bg7 Ke7 87.
Bxh6 Nxh6 88. Kg5 Bxh5 89. Kxh5 Nf7 90. Nh3 Nd8 91. Kg6 Nb7 92. f4 Nd8 93. Ng5
Nb7 94. Nf7 Kd7 95. Kf6 Na5 96. bxa5 b4 97. Ng5 b3 98. Nf3 1-0

[Event "British Columbia op"]
[Site "Richmond CAN"]
[Date "2014.02.09"]
[Round "4.6"]
[White "Lee, Andrew"]
[Black "Patterson, Roger"]
[Result "0-1"]
[WhiteElo "1960"]
[BlackElo "2076"]
[PlyCount "56"]
[EventDate "2014.02.08"]
[EventType "swiss"]
[EventRounds "6"]
[EventCountry "CAN"]

1. e4 c5 2. Nf3 d6 3. d4 cxd4 4. Nxd4 Nf6 5. Nc3 e6 6. Be2 Be7 7. O-O O-O 8.
Be3 Nc6 9. f4 Qc7 10. Bf3 a6 11. a4 Nxd4 12. Bxd4 e5 13. Be3 exf4 14. Bxf4 Be6
15. Qe1 Nd7 16. Qg3 Ne5 17. Bxe5 dxe5 18. Kh1 Bb4 19. Nd5 Bxd5 20. exd5 f5 21.
Rad1 Bd6 22. Be2 e4 23. Qc3 Qe7 24. Qh3 Qe5 25. g3 Rf6 26. Qg2 Raf8 27. Rf2 Rh6
28. Rg1 Bc5 0-1

[Event "British Columbia op"]
[Site "Richmond CAN"]
[Date "2014.02.09"]
[Round "4.7"]
[White "Soliven, Joe"]
[Black "Doknjas, John"]
[Result "0-1"]
[WhiteElo "1957"]
[BlackElo "2091"]
[PlyCount "108"]
[EventDate "2014.02.08"]
[EventType "swiss"]
[EventRounds "6"]
[EventCountry "CAN"]

1. c4 Nf6 2. Nc3 e6 3. g3 d5 4. Bg2 c5 5. d3 d4 6. Ne4 Nxe4 7. dxe4 Nc6 8. Nf3
e5 9. O-O Be6 10. b3 Be7 11. Ne1 O-O 12. Nd3 Bd6 13. Ba3 Qe7 14. Qd2 g6 15. Kh1
Rae8 16. Rg1 Kh8 17. Raf1 f5 18. Bc1 Rf7 19. Qh6 Ref8 20. Bg5 Qe8 21. f3 fxe4
22. fxe4 Rxf1 23. Rxf1 Rxf1+ 24. Bxf1 Qf7 25. Kg1 a6 26. Bh3 b5 27. Bxe6 Qxe6
28. Nf2 bxc4 29. bxc4 Kg8 30. Qh4 Be7 31. Ng4 Bxg5 32. Qxg5 Kg7 33. h4 h5 34.
Qh6+ Kg8 35. Nf2 Na5 36. g4 hxg4 37. h5 g3 38. Nd3 Nxc4 39. hxg6 Qf6 40. Qh7+
Kf8 41. a4 Ne3 42. g7+ Qxg7 43. Qxg7+ Kxg7 44. Nxc5 a5 45. Nb3 Nc4 46. Kg2 Kf6
47. Kxg3 Kg5 48. Kf3 Kh4 49. Nxd4 exd4 50. Kf4 Nb6 51. e5 Nxa4 52. Ke4 Kg5 53.
Kxd4 Kg6 54. Kd5 Kf7 0-1

[Event "British Columbia op"]
[Site "Richmond CAN"]
[Date "2014.02.09"]
[Round "4.8"]
[White "Lin, Alex"]
[Black "Kalisvaart, Peter"]
[Result "0-1"]
[WhiteElo "1872"]
[BlackElo "2038"]
[PlyCount "98"]
[EventDate "2014.02.08"]
[EventType "swiss"]
[EventRounds "6"]
[EventCountry "CAN"]

1. e4 e5 2. Bc4 Nf6 3. d3 Bc5 4. Nf3 d6 5. O-O Nc6 6. c3 Bg4 7. h3 Bh5 8. Be3
Bxe3 9. fxe3 O-O 10. Nbd2 d5 11. exd5 Nxd5 12. Qe1 Kh8 13. Qf2 a6 14. d4 Nb6
15. Nxe5 Nxe5 16. dxe5 Qe7 17. Qf4 Rad8 18. Rf2 g5 19. Qe4 Bg6 20. Qg4 h5 21.
Qf3 Rxd2 22. Rxd2 Nxc4 23. Rd4 b5 24. Qf6+ Qxf6 25. exf6 Nxb2 26. Rd5 Re8 27.
Rxg5 Rxe3 28. Rc5 Na4 29. Rxc7 Rxc3 30. Ra7 Rc6 31. Rf1 Nc3 32. Rf2 Ne4 33. Rf4
Nxf6 34. g4 hxg4 35. hxg4 Ne4 36. a3 Ng5 37. Rb4 Rc1+ 38. Kf2 Rc2+ 39. Ke1 Nf3+
40. Kd1 Rc6 41. Rf4 Rd6+ 42. Kc1 Nd4 43. Kb2 Ne2 44. Rf2 Rd2+ 45. Ka1 Rd1+ 46.
Ka2 Nc3+ 47. Kb2 Na4+ 48. Ka2 Bb1+ 49. Kb3 Nc5+ 0-1

[Event "British Columbia op"]
[Site "Richmond CAN"]
[Date "2014.02.09"]
[Round "4.9"]
[White "Beaudry, Lukas"]
[Black "Pulfer, Luke"]
[Result "1-0"]
[WhiteElo "2075"]
[BlackElo "1651"]
[PlyCount "117"]
[EventDate "2014.02.08"]
[EventType "swiss"]
[EventRounds "6"]
[EventCountry "CAN"]

1. e4 e5 2. f4 exf4 3. Nf3 d5 4. exd5 Nf6 5. Bc4 Nxd5 6. Bxd5 Qxd5 7. d4 Bd6 8.
O-O O-O 9. Nc3 Qh5 10. Ne4 Bf5 11. Nxd6 cxd6 12. Bxf4 d5 13. Qd2 Nd7 14. Rae1
Rac8 15. c3 Nf6 16. Re7 Ne4 17. Qd1 Qg4 18. Ne5 Qxd1 19. Rxd1 f6 20. g4 g5 21.
gxf5 gxf4 22. Ng4 Nd6 23. Nh6+ Kh8 24. Rde1 Ne4 25. Rf1 Nd6 26. Rxf4 Rce8 27.
Rxe8 Rxe8 28. Rg4 a6 29. b3 b5 30. Kg2 Re2+ 31. Kf3 Re8 32. h3 Rf8 33. Ke3 Rc8
34. Kd3 Rd8 35. Kc2 Re8 36. Rg2 Rf8 37. Kb2 Re8 38. Ka3 a5 39. Kb2 Rb8 40. h4
Rf8 41. a4 bxa4 42. b4 axb4 43. cxb4 Nb5 44. Rg4 Nd6 45. Ka2 Nb5 46. h5 Nd6 47.
Ka3 Ra8 48. b5 Nxb5+ 49. Kb4 Nd6 50. Kc5 Rd8 51. Kc6 a3 52. Kc7 Rf8 53. Kxd6 a2
54. Rg1 a1=Q 55. Rxa1 Rd8+ 56. Ke6 Kg7 57. Ng4 Re8+ 58. Kd6 Re4 59. Ra7+ 1-0

[Event "British Columbia op"]
[Site "Richmond CAN"]
[Date "2014.02.09"]
[Round "4.10"]
[White "Haines, Duncan"]
[Black "Yu, Robin"]
[Result "0-1"]
[WhiteElo "1735"]
[BlackElo "1976"]
[PlyCount "38"]
[EventDate "2014.02.08"]
[EventType "swiss"]
[EventRounds "6"]
[EventCountry "CAN"]

1. d4 Nf6 2. c4 c5 3. d5 b5 4. Nf3 d6 5. Qc2 bxc4 6. e4 e6 7. dxe6 fxe6 8. Bg5
Qa5+ 9. Bd2 Qc7 10. Bxc4 Nc6 11. Nc3 a6 12. a3 Be7 13. O-O O-O 14. Rad1 Ng4 15.
Be2 d5 16. exd5 Rxf3 17. g3 Nd4 18. Qe4 Nf6 19. Bxf3 Nxe4 0-1

[Event "British Columbia op"]
[Site "Richmond CAN"]
[Date "2014.02.10"]
[Round "5.1"]
[White "Wu, Howard"]
[Black "Sohal, Tanraj"]
[Result "1/2-1/2"]
[WhiteElo "2224"]
[BlackElo "2346"]
[PlyCount "92"]
[EventDate "2014.02.08"]
[EventType "swiss"]
[EventRounds "6"]
[EventCountry "CAN"]

1. e4 c5 2. Nf3 e6 3. d4 cxd4 4. Nxd4 Nf6 5. Nc3 Nc6 6. Ndb5 d6 7. Bf4 e5 8.
Bg5 a6 9. Na3 b5 10. Bxf6 gxf6 11. Nd5 Bg7 12. Bd3 Ne7 13. Nxe7 Qxe7 14. c4 f5
15. O-O O-O 16. Qf3 bxc4 17. Nxc4 d5 18. exd5 e4 19. Qe3 Bb7 20. d6 Qe6 21. Be2
Rad8 22. Rfd1 Bd5 23. Qc5 Bxc4 24. Bxc4 Rc8 25. Bxe6 Rxc5 26. Bd5 Bxb2 27. Rab1
Be5 28. Rb6 a5 29. Rc6 Rxc6 30. Bxc6 Kg7 31. g3 Kf6 32. d7 Rd8 33. Rd5 Bc7 34.
Kf1 Rb8 35. a4 Rb1+ 36. Kg2 Bd8 37. Rd6+ Ke7 38. Rd2 Rb3 39. Bb5 Rc3 40. h3 Rc5
41. Re2 Ke6 42. g4 Rc3 43. gxf5+ Kxf5 44. Rb2 Ke6 45. Rd2 f5 46. Rd4 Ke7
1/2-1/2

[Event "British Columbia op"]
[Site "Richmond CAN"]
[Date "2014.02.10"]
[Round "5.2"]
[White "Patterson, Roger"]
[Black "Arzumanyan, Aram"]
[Result "1-0"]
[WhiteElo "2076"]
[BlackElo "1923"]
[PlyCount "65"]
[EventDate "2014.02.08"]
[EventType "swiss"]
[EventRounds "6"]
[EventCountry "CAN"]

1. c4 g6 2. Nc3 Bg7 3. g3 e6 4. Bg2 Ne7 5. Nf3 O-O 6. d4 d5 7. cxd5 exd5 8. O-O
c6 9. Bf4 Nf5 10. Qd2 Re8 11. Rfd1 Na6 12. Rac1 f6 13. g4 Nd6 14. h3 Nc4 15.
Qc2 Nb4 16. Qb1 Be6 17. b3 Na3 18. Qb2 Qa5 19. Na4 Nc4 20. bxc4 Qxa4 21. a3 Na6
22. c5 b5 23. cxb6 axb6 24. Qxb6 c5 25. e3 c4 26. Nd2 f5 27. gxf5 gxf5 28. Nxc4
Rac8 29. Nb2 Qd7 30. Qxa6 Ra8 31. Qc6 Qf7 32. Nd3 Rxa3 33. Nc5 1-0

[Event "British Columbia op"]
[Site "Richmond CAN"]
[Date "2014.02.10"]
[Round "5.3"]
[White "Doknjas, John"]
[Black "Wu, Ruining (Ray)"]
[Result "1-0"]
[WhiteElo "2091"]
[BlackElo "2037"]
[PlyCount "107"]
[EventDate "2014.02.08"]
[EventType "swiss"]
[EventRounds "6"]
[EventCountry "CAN"]

1. d4 Nf6 2. c4 g6 3. f3 Nc6 4. Nc3 e5 5. d5 Nb8 6. e4 Bc5 7. a3 a5 8. Na4 d6
9. Nxc5 dxc5 10. Be3 Qd6 11. Qd2 Nbd7 12. Bd3 b6 13. Ne2 Bb7 14. Qc3 h5 15. Bc2
h4 16. Nc1 Ng8 17. Nd3 f6 18. f4 Nh6 19. Ba4 Nf7 20. fxe5 Nfxe5 21. Nxe5 fxe5
22. O-O O-O-O 23. Bg5 Rdf8 24. Bxd7+ Kxd7 25. Rxf8 Rxf8 26. Bxh4 Kc8 27. Bg3
Qf6 28. Qd3 Ba6 29. a4 Kb8 30. b3 Qg5 31. Rf1 Rxf1+ 32. Kxf1 Qc1+ 33. Kf2 Qb2+
34. Kf3 Bc8 35. h3 Bd7 36. Be1 Qc1 37. Qd2 Qb1 38. Qc3 Qd1+ 39. Kf2 Qh5 40. Qf3
Qh4+ 41. Ke2 Qg5 42. Bd2 Qe7 43. Qg3 Qe8 44. Bc3 Bxa4 45. bxa4 Qxa4 46. Qd3
Qa2+ 47. Kf3 Qb3 48. Ke3 Qa2 49. g3 a4 50. Bxe5 Qg2 51. d6 Qg1+ 52. Kf4 Qf2+
53. Kg4 Qf8 54. d7 1-0

[Event "British Columbia op"]
[Site "Richmond CAN"]
[Date "2014.02.10"]
[Round "5.5"]
[White "Kalisvaart, Peter"]
[Black "Yu, Robin"]
[Result "1/2-1/2"]
[WhiteElo "2038"]
[BlackElo "1976"]
[PlyCount "66"]
[EventDate "2014.02.08"]
[EventType "swiss"]
[EventRounds "6"]
[EventCountry "CAN"]

1. d4 Nf6 2. Bg5 d5 3. Nd2 Bf5 4. e3 e6 5. Ngf3 Bd6 6. Be2 Nbd7 7. O-O O-O 8.
c4 c6 9. c5 Bc7 10. Bf4 Re8 11. b4 h6 12. b5 Bxf4 13. exf4 Qc7 14. Ne5 Nxe5 15.
fxe5 Nd7 16. Nb3 Rec8 17. a4 b6 18. bxc6 Qxc6 19. Ba6 Rd8 20. Bb5 Qc7 21. Rc1
bxc5 22. Bxd7 Qxd7 23. Nxc5 Qe7 24. Rc3 Rab8 25. Rb3 Rxb3 26. Qxb3 Qc7 27. Qc3
Rb8 28. h3 Qb6 29. Nd7 Qb4 30. Qc7 Ra8 31. Qc6 Rd8 32. Rc1 Qe7 33. Nc5 Qg5
1/2-1/2

[Event "British Columbia op"]
[Site "Richmond CAN"]
[Date "2014.02.10"]
[Round "5.6"]
[White "Doknjas, Joshua"]
[Black "Roback, Joe"]
[Result "1-0"]
[WhiteElo "1997"]
[BlackElo "1835"]
[PlyCount "79"]
[EventDate "2014.02.08"]
[EventType "swiss"]
[EventRounds "6"]
[EventCountry "CAN"]

1. e4 c5 2. Nf3 d6 3. Bb5+ Bd7 4. Bxd7+ Qxd7 5. O-O Nc6 6. Qe2 e6 7. Rd1 Nge7
8. c3 d5 9. e5 Nf5 10. d4 Be7 11. g4 Nh6 12. Bxh6 gxh6 13. h3 c4 14. Nbd2 Rg8
15. Kh1 Rg6 16. Nf1 h5 17. gxh5 Rg7 18. Ng3 O-O-O 19. Nh2 Rdg8 20. Ng4 Qd8 21.
f4 Bh4 22. Nf1 Ne7 23. Nfe3 Nf5 24. Nxf5 exf5 25. Ne3 Rg3 26. Kh2 R3g7 27. Nxf5
Bg3+ 28. Kh1 Qd7 29. Qc2 Bxf4 30. Rg1 Rg5 31. h4 Rg4 32. Rxg4 Rxg4 33. Nd6+ Kb8
34. Qf5 Rxh4+ 35. Kg2 Qd8 36. Kf3 Bd2 37. Ke2 Qg8 38. Rg1 Rh2+ 39. Kf3 Qd8 40.
Qxf7 1-0

[Event "British Columbia op"]
[Site "Richmond CAN"]
[Date "2014.02.10"]
[Round "5.7"]
[White "Shao, Nathan"]
[Black "Nguyen, Kim"]
[Result "1/2-1/2"]
[WhiteElo "1687"]
[BlackElo "2109"]
[PlyCount "131"]
[EventDate "2014.02.08"]
[EventType "swiss"]
[EventRounds "6"]
[EventCountry "CAN"]

1. e4 c5 2. Nf3 d6 3. Bc4 Nf6 4. Nc3 a6 5. d3 Nc6 6. a3 e6 7. h3 Be7 8. O-O O-O
9. Bf4 b5 10. Ba2 Bb7 11. Qd2 Rc8 12. Rfe1 Qb6 13. Rad1 Nd4 14. Nxd4 cxd4 15.
Ne2 Nd7 16. Rc1 e5 17. Bh2 h6 18. b4 Qa7 19. Kh1 a5 20. Bb3 Qa8 21. c3 d5 22.
exd5 Bxd5 23. Bxd5 Qxd5 24. cxd4 axb4 25. axb4 exd4 26. Qb2 Bg5 27. Rxc8 Rxc8
28. Qxd4 Qe6 29. Qe4 Qxe4 30. dxe4 Rc4 31. Rd1 Nb6 32. Rb1 Be7 33. Bb8 Bxb4 34.
Ba7 Nc8 35. Be3 Nd6 36. f3 f6 37. Nf4 Ba3 38. Nd3 Kf7 39. Kg1 g5 40. g4 Ke6 41.
Kg2 Rc2+ 42. Kg3 Nc4 43. Rb3 Re2 44. Bd4 Bd6+ 45. f4 Rxe4 46. Rxb5 Rxd4 47. Nb4
Bxf4+ 48. Kf3 Ne5+ 49. Ke2 Re4+ 50. Kd1 Re3 51. Rb6+ Kf7 52. Kc2 Rxh3 53. Nd5
Rh2+ 54. Kb3 Rb2+ 55. Kxb2 Nc4+ 56. Kc3 Nxb6 57. Nxb6 f5 58. gxf5 Kf6 59. Kd3
Kxf5 60. Ke2 g4 61. Kf1 Ke4 62. Nd7 Bg5 63. Kg2 h5 64. Nc5+ Ke3 65. Ne6 Bf4 66.
Ng7 1/2-1/2

[Event "British Columbia op"]
[Site "Richmond CAN"]
[Date "2014.02.10"]
[Round "5.8"]
[White "Chan, James"]
[Black "Lin, Alex"]
[Result "1/2-1/2"]
[WhiteElo "2119"]
[BlackElo "1872"]
[PlyCount "137"]
[EventDate "2014.02.08"]
[EventType "swiss"]
[EventRounds "6"]
[EventCountry "CAN"]

1. d4 Nf6 2. Nf3 d5 3. c4 e6 4. g3 Be7 5. Bg2 O-O 6. O-O b6 7. cxd5 exd5 8. Nc3
Bb7 9. Qb3 Re8 10. Bf4 Nbd7 11. Nb5 Rc8 12. Nxa7 Ra8 13. Nb5 Rc8 14. Rac1 c5
15. dxc5 Nxc5 16. Qd1 Qd7 17. Nc3 Bd6 18. Bxd6 Qxd6 19. Nd4 Qe5 20. Nf3 Qe7 21.
Re1 Red8 22. Nd4 Qe5 23. Bh3 Ne6 24. e3 Rc4 25. b3 Rc5 26. Na4 Ra5 27. Nxe6
fxe6 28. Qd4 Nd7 29. Qxe5 Nxe5 30. Bxe6+ Kh8 31. Red1 Nf3+ 32. Kf1 d4 33. h4 d3
34. Rc7 Be4 35. Nc3 Nh2+ 36. Kg1 Nf3+ 37. Kh1 Ng5+ 38. Nxe4 Nxe4 39. Kg2 Rxa2
40. Rxd3 Rxf2+ 41. Kg1 Rdf8 42. Rc8 Rxc8 43. Bxc8 Rf8 44. Bg4 Nxg3 45. Rd6 h5
46. Be6 Rf3 47. Rd3 Ne2+ 48. Kg2 Nf4+ 49. Kxf3 Nxd3 50. Ke4 Nc5+ 51. Kf5 g6+
52. Kf6 Kh7 53. Bf7 Ne4+ 54. Ke5 Nd2 55. Bd5 Kg7 56. Kd6 Kf6 57. e4 Nf3 58. Bb7
b5 59. b4 Ne5 60. Ba6 Nc4+ 61. Kd5 Ne3+ 62. Kd4 Nc2+ 63. Kc3 Nxb4 64. Kxb4 g5
65. hxg5+ Kxg5 66. Kxb5 Kf4 67. Bb7 h4 68. Kc5 Ke5 69. Bc8 1/2-1/2

[Event "British Columbia op"]
[Site "Richmond CAN"]
[Date "2014.02.10"]
[Round "5.9"]
[White "Cui, Karl"]
[Black "Soliven, Joe"]
[Result "0-1"]
[WhiteElo "1800"]
[BlackElo "1957"]
[PlyCount "66"]
[EventDate "2014.02.08"]
[EventType "swiss"]
[EventRounds "6"]
[EventCountry "CAN"]

1. d4 g6 2. c4 Bg7 3. Nc3 d6 4. e4 e5 5. d5 f5 6. Nge2 Nf6 7. Ng3 fxe4 8. Be2
Bf5 9. Bg5 Qd7 10. Bxf6 Bxf6 11. Ncxe4 O-O 12. Nxf6+ Rxf6 13. Nxf5 gxf5 14. Rc1
b6 15. Rc3 a5 16. g4 f4 17. Bd3 Na6 18. Bf5 Qg7 19. h4 Nc5 20. f3 Re8 21. Be4
Nxe4 22. fxe4 f3 23. g5 Rf4 24. Qc2 Qg6 25. Kf2 Ref8 26. Re3 Qh5 27. Kf1 Rxh4
28. Rxh4 Qxh4 29. Qf2 Qh1+ 30. Qg1 Qh3+ 31. Kf2 Qh4+ 32. Qg3 Qxg3+ 33. Kxg3 f2
0-1

[Event "British Columbia op"]
[Site "Richmond CAN"]
[Date "2014.02.10"]
[Round "5.10"]
[White "Monkhouse, Neale"]
[Black "Sullivan, Brian"]
[Result "1/2-1/2"]
[WhiteElo "1891"]
[BlackElo "1586"]
[PlyCount "91"]
[EventDate "2014.02.08"]
[EventType "swiss"]
[EventRounds "6"]
[EventCountry "CAN"]

1. e4 c5 2. Nc3 d6 3. g3 Nf6 4. Bg2 Nc6 5. d3 Bd7 6. f4 g6 7. Nf3 Rb8 8. O-O
Bg7 9. Kh1 Qc8 10. Qe2 h5 11. e5 dxe5 12. fxe5 Ng4 13. Bf4 Nd4 14. Nxd4 cxd4
15. Nd1 e6 16. Nf2 Bc6 17. Nxg4 hxg4 18. Rf2 Bxg2+ 19. Kxg2 Qc6+ 20. Kg1 b5 21.
Qxg4 Qd5 22. Qf3 Qb7 23. Qxb7 Rxb7 24. Kg2 b4 25. Kf3 Rb5 26. Ke4 Rd5 27. a3 g5
28. axb4 gxf4 29. gxf4 Rd7 30. c3 f5+ 31. exf6 Bxf6 32. c4 Rh3 33. f5 e5 34.
Re2 Rh4+ 35. Kf3 Rf4+ 36. Kg2 Rg7+ 37. Kh1 Rxf5 38. b5 Be7 39. Rae1 Bd6 40. Re4
Kd7 41. b4 Bxb4 42. Rxe5 Bxe1 43. Rxf5 Kc7 44. Rc5+ Kb6 45. Rf5 Bd2 46. h3
1/2-1/2

[Event "British Columbia op"]
[Site "Richmond CAN"]
[Date "2014.02.10"]
[Round "6.1"]
[White "Sohal, Tanraj"]
[Black "Doknjas, John"]
[Result "1-0"]
[WhiteElo "2346"]
[BlackElo "2091"]
[PlyCount "47"]
[EventDate "2014.02.08"]
[EventType "swiss"]
[EventRounds "6"]
[EventCountry "CAN"]

1. d4 c5 2. d5 e6 3. c4 exd5 4. cxd5 d6 5. Nc3 Nf6 6. Nf3 g6 7. Bf4 a6 8. a4
Bg7 9. h3 O-O 10. e3 Re8 11. Nd2 Nbd7 12. Nc4 Ne4 13. Nxe4 Rxe4 14. Qb3 Nf6 15.
Qb6 Qd7 16. Bxd6 Nxd5 17. Qxc5 Qe6 18. Rd1 Nf6 19. Bd3 Rh4 20. Nb6 Nd7 21. Qc7
Bf8 22. Nxa8 Qxd6 23. Qxc8 Qb4+ 24. Qc3 1-0

[Event "British Columbia op"]
[Site "Richmond CAN"]
[Date "2014.02.10"]
[Round "6.2"]
[White "Patterson, Roger"]
[Black "Wu, Howard"]
[Result "1/2-1/2"]
[WhiteElo "2076"]
[BlackElo "2224"]
[PlyCount "64"]
[EventDate "2014.02.08"]
[EventType "swiss"]
[EventRounds "6"]
[EventCountry "CAN"]

1. c4 Nf6 2. Nf3 c5 3. Nc3 g6 4. g3 Bg7 5. Bg2 O-O 6. O-O Nc6 7. d4 cxd4 8.
Nxd4 Nxd4 9. Qxd4 d6 10. Qd3 Bf5 11. e4 Be6 12. Bd2 Qc8 13. Nd5 Re8 14. Rac1
Nd7 15. b3 Ne5 16. Qe3 Qd8 17. Bc3 Ng4 18. Qe2 Ne5 19. f4 Nc6 20. Bxg7 Kxg7 21.
Ne3 f6 22. Kh1 Qb6 23. Nd5 Bxd5 24. cxd5 Nb4 25. Qd2 a5 26. a3 Na6 27. Rc3 Rec8
28. Rfc1 Rc5 29. Bf1 Rxc3 30. Rxc3 Nc5 31. Qc2 Kf7 32. h4 Re8 1/2-1/2

[Event "British Columbia op"]
[Site "Richmond CAN"]
[Date "2014.02.10"]
[Round "6.4"]
[White "Arzumanyan, Aram"]
[Black "Doknjas, Joshua"]
[Result "1/2-1/2"]
[WhiteElo "1923"]
[BlackElo "1997"]
[PlyCount "58"]
[EventDate "2014.02.08"]
[EventType "swiss"]
[EventRounds "6"]
[EventCountry "CAN"]

1. e4 c5 2. Nc3 a6 3. a4 Nc6 4. Bc4 e6 5. d3 Nge7 6. Bg5 f6 7. Bh4 d5 8. Ba2 h5
9. f3 d4 10. Nce2 Ng6 11. Bf2 e5 12. h4 Qd6 13. Nh3 Be6 14. Bxe6 Qxe6 15. f4
Qg4 16. g3 Qd7 17. f5 Nge7 18. O-O Nc8 19. Kh2 Nd6 20. c4 Nf7 21. Be1 Nh6 22.
Nf2 a5 23. Bd2 Ng8 24. Nh3 O-O-O 25. Qe1 b6 26. Qf2 Bd6 27. Qf3 Qf7 28. b3 Rd7
29. Rg1 Nd8 1/2-1/2

[Event "British Columbia op"]
[Site "Richmond CAN"]
[Date "2014.02.10"]
[Round "6.5"]
[White "Wu, Ruining (Ray)"]
[Black "Kalisvaart, Peter"]
[Result "1/2-1/2"]
[WhiteElo "2037"]
[BlackElo "2038"]
[PlyCount "84"]
[EventDate "2014.02.08"]
[EventType "swiss"]
[EventRounds "6"]
[EventCountry "CAN"]

1. d4 d5 2. c4 Nc6 3. Nf3 Bg4 4. cxd5 Bxf3 5. dxc6 Bxc6 6. Nc3 Nf6 7. Bg5 e6 8.
e3 h6 9. Bxf6 Qxf6 10. Bb5 Bxb5 11. Nxb5 Bb4+ 12. Nc3 O-O 13. O-O c6 14. Qb3
Qe7 15. Rac1 Rfd8 16. a3 Ba5 17. Rfd1 Rab8 18. Qa4 Bb6 19. Ne2 e5 20. dxe5 Qxe5
21. Qc2 Rxd1+ 22. Rxd1 Rd8 23. Rxd8+ Bxd8 24. Nd4 Bf6 25. h3 c5 26. Nf3 Qxb2
27. Qxc5 b6 28. Qd6 a5 29. e4 Qb1+ 30. Kh2 Qxe4 31. Qxb6 a4 32. Qb8+ Kh7 33.
Qf8 Qd5 34. Qc8 Qb5 35. Qc2+ g6 36. Qc7 Kg7 37. Kg1 Bb2 38. Kh2 Qb3 39. Ne5 Qd5
40. Nf3 Qb3 41. Ne5 Bxa3 42. Nxf7 Qxf7 1/2-1/2

[Event "British Columbia op"]
[Site "Richmond CAN"]
[Date "2014.02.10"]
[Round "6.6"]
[White "Yu, Robin"]
[Black "Soliven, Joe"]
[Result "0-1"]
[WhiteElo "1976"]
[BlackElo "1957"]
[PlyCount "78"]
[EventDate "2014.02.08"]
[EventType "swiss"]
[EventRounds "6"]
[EventCountry "CAN"]

1. d4 g6 2. c4 Bg7 3. Nc3 d6 4. e4 e5 5. Nf3 Nc6 6. Bg5 f6 7. Be3 Bg4 8. d5 Nb8
9. Be2 a5 10. Rc1 b6 11. a3 Na6 12. Rb1 Bh6 13. Bxh6 Nxh6 14. b4 axb4 15. axb4
O-O 16. O-O Kg7 17. Ne1 Bd7 18. Nd3 f5 19. Qd2 f4 20. c5 Qg5 21. Kh1 bxc5 22.
bxc5 dxc5 23. Nb5 Nf7 24. Qc3 Nd6 25. Nxc5 Nxc5 26. Qxc5 Bxb5 27. Bxb5 f3 28.
gxf3 Rxf3 29. Qxc7+ Nf7 30. Qc2 Qf4 31. Bd3 Ra3 32. Rbd1 Ng5 33. d6 Nh3 34. d7
Nxf2+ 35. Rxf2 Rxf2 36. Qxf2 Qxf2 37. d8=Q Qf3+ 38. Kg1 Qxd1+ 39. Kf2 Qd2+ 0-1

[Event "British Columbia op"]
[Site "Richmond CAN"]
[Date "2014.02.10"]
[Round "6.7"]
[White "Lin, Alex"]
[Black "Shao, Nathan"]
[Result "1/2-1/2"]
[WhiteElo "1872"]
[BlackElo "1687"]
[PlyCount "51"]
[EventDate "2014.02.08"]
[EventType "swiss"]
[EventRounds "6"]
[EventCountry "CAN"]

1. e4 c5 2. Nf3 d6 3. c3 Nf6 4. Be2 g6 5. O-O Bg7 6. Qc2 O-O 7. d4 Nc6 8. Rd1
Qc7 9. h3 e5 10. Be3 b6 11. Nbd2 Bb7 12. Nf1 Rfe8 13. Ng3 exd4 14. cxd4 Nb4 15.
Qa4 Nxe4 16. Nxe4 Bxe4 17. Rac1 Bc6 18. Bb5 Bxb5 19. Qxb5 Nc6 20. dxc5 bxc5 21.
Qd3 Rad8 22. b3 Ne5 23. Nxe5 Bxe5 24. Qc4 Qa5 25. Rc2 Bf6 26. Rcd2 1/2-1/2

[Event "British Columbia op"]
[Site "Richmond CAN"]
[Date "2014.02.10"]
[Round "6.8"]
[White "Nguyen, Kim"]
[Black "Roback, Joe"]
[Result "1-0"]
[WhiteElo "2109"]
[BlackElo "1835"]
[PlyCount "161"]
[EventDate "2014.02.08"]
[EventType "swiss"]
[EventRounds "6"]
[EventCountry "CAN"]

1. e4 c5 2. Nf3 a6 3. c3 d5 4. exd5 Qxd5 5. d4 cxd4 6. cxd4 e6 7. Bd3 Nf6 8.
O-O Bd6 9. Nc3 Qa5 10. Bd2 Qd8 11. Bg5 Nbd7 12. d5 e5 13. Re1 O-O 14. Ne4 Qe7
15. Rc1 Re8 16. Nd4 Qf8 17. Bxf6 Nxf6 18. Nxf6+ gxf6 19. Qh5 Qg7 20. Nf5 Bxf5
21. Bxf5 Kf8 22. h4 Ke7 23. g3 Rh8 24. Rc4 Qf8 25. Rec1 Qd8 26. Rc8 Qb6 27.
Rxa8 Rxa8 28. Bxh7 Rh8 29. Qf5 Qa5 30. Qd3 Qxa2 31. Bf5 Qa5 32. Kg2 Rd8 33. h5
Rh8 34. g4 Bb4 35. Rc4 Bd6 36. b3 Qb6 37. Qc2 Rd8 38. h6 Kf8 39. Rc8 Kg8 40. f3
Bf8 41. h7+ Kg7 42. Qc4 Bd6 43. Kf1 Qa5 44. Ke2 Be7 45. Rxd8 Bxd8 46. d6 Qa3
47. d7 Qe7 48. Qc8 a5 49. Qxb7 Kh8 50. Qc8 Kg7 51. Qc1 Qf8 52. Bd3 Kh8 53. Be4
Kg7 54. Qc6 Be7 55. Qd5 Bd8 56. Bc2 Qb4 57. Qxf7+ Kxf7 58. h8=Q Qf8 59. Qh5+
Ke7 60. Qf5 Qh6 61. Qh5 Qf8 62. Bf5 Qf7 63. Qh8 Qf8 64. Qh1 Qf7 65. Qd1 Kf8 66.
Qd6+ Qe7 67. Qd5 Kg7 68. Bd3 Qf7 69. Qb5 Qe7 70. Bc4 Qd6 71. Qb7 Qd4 72. Qc6
Qb2+ 73. Kf1 Qa3 74. Qd5 Qf8 75. Qe6 Kh8 76. Qe8 Kg7 77. Bd3 Kg8 78. Bh7+ Kg7
79. Bf5 Qg8 80. Ke2 Kh8 81. Be6 1-0